00322 a2200109 4500001001000000005001700010008004100027245004700068100002200115773005800137999001700195ART_4196420260410161814.0260409a 10aCiencia del derecho y crítica del Estado1 aD'Auria, Aníbal0 tAcademiag- Año 6, Nº 12 (jul./dic. 2008)wREV4314 c21764d21764